|
|
|
|
| LEADER |
00000nam a2200000 a 4500 |
| 001 |
vtls008960630 |
| 003 |
SK-MaSNL |
| 005 |
20260302042731.0 |
| 008 |
240313s2006 xo f 000 0 slo |
| 015 |
|
|
|a SNBA2007/06-02155
|
| 020 |
|
|
|a 8022522570
|q (brož.)
|
| 035 |
|
|
|a 85DB6C95-F1DD-481D-B141-EDD1B0D72DFB
|
| 035 |
|
|
|a urn:nbn:sk:snk-amk7bg
|
| 035 |
|
|
|a urn:nbn:sk:snk-am008ju5
|
| 040 |
|
|
|a SNK
|b slo
|c SNK
|e AACR2
|
| 041 |
0 |
|
|a slo
|
| 043 |
|
|
|a cl-----
|
| 044 |
|
|
|a xo
|c SK
|
| 072 |
|
7 |
|a 330.8
|x Ekonomické teórie, doktríny, smery
|2 konspekt
|
| 080 |
|
|
|a 321
|2 2001
|
| 080 |
|
|
|a 330.831.8
|2 2001
|
| 080 |
|
|
|a 33
|2 2001
|
| 080 |
|
|
|a 327
|2 2001
|
| 080 |
|
|
|a 316.772.4
|2 2001
|
| 080 |
|
|
|a (8)
|2 2001
|
| 080 |
|
|
|a (048.8)
|2 2001
|
| 100 |
1 |
|
|a Jurištová, Denisa
|4 aut
|9 695999
|
| 245 |
1 |
0 |
|a Latinská Amerika na prahu tretieho tisícročia
|b interkultúrna komunikácia v medzinárodných ekonomických vzťahoch : aplikácia: iberské a latinskoamerické štúdie 2003-3676 / 001-001-SO2 21CIEU : projekt Socrates erasmus 1
|c Denisa Jurištová
|
| 250 |
|
|
|a [1. vyd.]
|
| 260 |
|
|
|a Bratislava
|b Ekonóm
|c 2006
|
| 300 |
|
|
|a 63 s.
|c 25 cm
|
| 504 |
|
|
|a Bibliogr. s. 61-63
|
| 650 |
0 |
7 |
|a neoliberalizmus
|2 SNKPH
|9 14792
|
| 650 |
0 |
7 |
|a ekonómia
|2 SNKPH
|9 788
|
| 650 |
0 |
7 |
|a medzinárodné vzťahy
|2 SNKPH
|9 3690
|
| 650 |
0 |
7 |
|a interkultúrna komunikácia
|2 SNKPH
|9 2689
|
| 650 |
0 |
7 |
|a Neo-liberalism
|2 SNKPHeng
|9 361710
|
| 650 |
0 |
7 |
|a Economics
|2 SNKPHeng
|9 265310
|
| 650 |
0 |
7 |
|a International relations
|2 SNKPHeng
|9 265830
|
| 650 |
0 |
7 |
|a Intercultural communication
|2 SNKPHeng
|9 267181
|
| 651 |
|
7 |
|a Latinská Amerika
|2 SNKPH
|9 31844
|
| 655 |
|
7 |
|a štúdie
|2 SNKPH
|9 57033
|
| 655 |
|
7 |
|a Studies
|2 SNKPHeng
|9 265573
|
| 919 |
|
|
|a 80-225-2257-0
|
| 958 |
|
|
|a OND
|
| 958 |
|
|
|a NB
|
| 968 |
|
|
|d 32
|
| 999 |
|
|
|c 1083933
|d 1085863
|
| 952 |
|
|
|a SNK
|b SNK
|y PREZ
|7 0
|p 17A0547230
|o snkSC 127408
|i snk2007/9048
|8 0
|0 0
|1 0
|4 0
|d 2007-04-02
|f 1
|l 0
|r 2025-06-16 00:00:00
|w 2026-02-24
|
| 952 |
|
|
|a SNK
|b SNK
|y VYP
|7 0
|p 17A0547231
|o snkSC 127408 D1
|i snk2007/9049
|8 0
|0 0
|1 0
|4 0
|d 2007-04-02
|l 0
|r 2026-02-24 16:33:17
|w 2026-02-24
|